Normal view
MARC view
- Welch, E. B.
Entry Personal Name
001 - CONTROL NUMBER
- control field: 2541
003 - CONTROL NUMBER IDENTIFIER
- control field: NUST
005 - DATE AND TIME OF LATEST TRANSACTION
- control field: 20170613120046.0
008 - FIXED-LENGTH DATA ELEMENTS
- fixed length control field: 170613|| aca||aabn | a|a d
040 ## - CATALOGING SOURCE
- Original cataloging agency: NUST
- Transcribing agency: NUST
100 ## - HEADING--PERSONAL NAME
- Personal name: Welch, E. B.
- Fuller form of name: (Eugene B.)
670 ## - SOURCE DATA FOUND
- Source citation: Work cat.: (NUST)0: Welch, E. B. (Eugene B.), Ecological effects of waste water /, 1980.
